01505nam a2200349 a 4500001001000000003000500010005001700015008004100032010001100073011001100084040000900095090001000104100003500114245015500149260004100304500006000345502009700405590004100502590004100543590004000584590004000624650003400664650002600698650004300724856007000767901000700837942001000844942000600854999001900860952013600879952014001015000108787CHAP20220329144025.0140312s2012 mx sm |||||||spa d a105249 a106221 cCHAP aTesis1 aOrtíz Méndez, Irma912584710aMorfometría radical y crecimiento de cupressus sempervirens l. y sus respuestas al ácido indolbutíricoh[En línea]cpor Irma Ortíz Méndez. aChapingo, Méx. :bEl autor,c2012. aPara ver el contenido del material haga clic en la liga aTesis (Ing. Agr. Esp. en Restauración Forestal) -- UACH. División de Ciencias Forestales aBATCH-UPDb05c20140324lUCH01h1536 aBATCH-UPDb05c20141002lUCH01h0857 aE5765TAJb05c20140312lUCH01h0900 aE5765TAJb05c20140312lUCH01h090114aCiprésxCrecimiento.92334814aEnraizamiento.93701314aPlantasxCrecimientoxAditivos.988804 aFinding aiduhttp://10.13.5.2/tesis/sist108787.pdfzTeclea aquí aBK cTESIS n0 c105249d105249 00104054718TESISaBCbBCd2014-03-12fTESISl0oTesisp33724002352884r2019-12-31 00:00:00w2019-12-31yTESISzRecien adquirido 00102local4053708TESISaBCbBCcPA_TESISd2014-03-12fTESISl0oTesisp33724002352926r2019-12-31 00:00:00tc.2w2019-12-31yTESIS